| 000 | 01201nam a22003495i 4500 | ||
|---|---|---|---|
| 001 | 21001608 | ||
| 003 | EG-ScBUE | ||
| 005 | 20220221140119.0 | ||
| 008 | 190604s2019 nju f 000 0 eng d | ||
| 020 | _a9781119475538 | ||
| 040 |
_aDLC _beng _erda _cDLC _dEG-ScBUE |
||
| 041 | 1 |
_aeng _achi |
|
| 082 | 0 | 4 |
_222 _a495.111 _bABR |
| 100 | 1 |
_aAbraham, Wendy, _eauthor. _940694 |
|
| 245 | 1 | 0 |
_aChinese character writing for dummies / _cby Dr. Wendy Abraham and Jing Li. |
| 264 | 1 |
_aHoboken, New Jersey : _bJohn Wiley and Sons, _c2019. |
|
| 300 |
_aiv, 138 pages ; _c30 cm |
||
| 336 |
_atext _btxt _2rdacontent |
||
| 337 |
_aunmediated _bn _2rdamedia |
||
| 338 |
_avolume _bnc _2rdacarrier |
||
| 520 |
_a"Book Summary: N/A Contact: Kristie Pyles"-- _cProvided by publisher. |
||
| 546 | _aText in English and Chinese. | ||
| 650 | 7 |
_aChinese language _vTextbooks for foreign speakers _xEnglish. _2BUEsh _939112 |
|
| 650 | 7 |
_aChinese language _xWriting. _2BUEsh _939112 |
|
| 653 |
_bGGEN _cFebruary2022 |
||
| 655 |
_vReading book _934232 |
||
| 700 | 1 |
_aLi, Jing, _eauthor. |
|
| 906 |
_a0 _bibc _corignew _d2 _eepcn _f20 _gy-gencatlg |
||
| 942 |
_2ddc _cBB |
||
| 999 |
_c29804 _d29775 |
||